Dutch Football Clubs - Sudden Death - Statistics

General Stats
  • This quiz has been taken 167 times
  • The average score is 13 of 16
Answers on the Grid
Answers color-coded by a green-red scale on the quiz's grid according to % correct below.
ADO Den Haag
Ajax
Anderlecht
Antwerp
Augsburg
AZ Alkmaar
Copenhagen
Dudelange
Excelsior
Feyenoord
Genk
Gent
Go Ahead Eagles
Groningen
Heerenveen
Heracles Almelo
Lugano
Malmö FF
Midtjylland
NAC Breda
NEC Nijmegen
Nordsjælland
Odense
PSV
RB Salzburg
Rosenborg
Sparta Rotterdam
Twente
Utrecht
VfB Stuttgart
VfL Wolfsburg
Zwolle
 
Answer Stats
Answer % Correct
Ajax
97%
ADO Den Haag
88%
Feyenoord
87%
AZ Alkmaar
86%
Utrecht
86%
Twente
84%
Go Ahead Eagles
83%
PSV
83%
Sparta Rotterdam
83%
Heerenveen
82%
NEC Nijmegen
82%
Zwolle
82%
Groningen
81%
Excelsior
77%
Heracles Almelo
75%
NAC Breda
75%
No matching quizzes found
Score Distribution
Percent of People with Each Score
Percentile by Number Answered
Your Score History
You have not taken this quiz